| 000 | 00697nam a22001457a 4500 | ||
|---|---|---|---|
| 008 | 140818b xxu||||| |||| 00| 0 eng d | ||
| 020 | _a0406090904 | ||
| 050 | _aKD276.3.L39(1877 vol.5) | ||
| 245 |
_aThe Law Reports(1877 vol.5) Chancery division: Division E. Chancery. cases determined by the chancery Division of the High court of justice and by the Chief judge in bankruptcy and by the Court of appeal on appeal from the chancery division and the chief judge and in Lunacy. / _cEdited by George Wirgman Hemming. |
||
| 260 |
_aLondon: _bButterworth & co ltd, _c1877. |
||
| 300 |
_aXv,998p.: _c24cm. |
||
| 440 |
_pChancery Division. _vVol.5 |
||
| 800 | _aHemming, George Wirgman. | ||
| 942 |
_2lcc _cBK |
||
| 999 |
_c3436 _d10936 |
||